000 02105nam0a2200373 i 4500
001 RU\NLR\BIBL_A\011413098
005 20240921112655.0
010 _a9785904761639
_9300
021 _aRU
_b2017-40522
_92948
035 _a(RuMoRGB)008901679
035 _a(NLR Aleph) 011413098
090 _a11568299
_c11568299
100 _a20170622d2016 k y0rusy50 ca
101 0 _arus
102 _aRU
105 _aa|||z|||010zy
200 1 _aГеохимия лагунно-маршевых и дельтовых ландшафтов Прикаспия
_eк 100-летию со дня рождения А.И. Перельмана
_e[монография]
_fН.С. Касимов, М.С. Касатенкова, А.Н. Ткаченко [и др.]
_gМосковский государственный университет имени М.В. Ломоносова, Географический факультет [и др.]
210 _aМосква
_cЛига-Вент
_d2016
215 _a243 с.
_cцв. ил.
_d24
300 _aВ надзаг. также: Русское географическое общество, Российский фонд фундаментальных исследований, Российский научный фонд
320 _aБиблиогр.: с. 232-243 (173 назв.)
606 1 _aДельтовые ландшафты
_xГеохимия
_yПрикаспий Западный
_92331696
_3RU\NLR\AUTH\6601618450
606 1 _aЛагунно-маршевые ландшафты
_xГеохимия
_yПрикаспий Западный
_92331698
_3RU\NLR\AUTH\6601618451
686 _aД821.10,0
_2rubbk
686 _aД9(24)82,0
_2rubbk
686 1 _aД821.4(27)
686 1 _aД821.131
701 1 _aКасимов
_bН. С.
_gНиколай Сергеевич
701 1 _aКасатенкова
_bМ. С.
_gМария Сергеевна
701 1 _aТкаченко
_bА. Н.
_cканд. геогр. наук
_gАнна Николаевна
_9199204
_3RU\NLR\AUTH\770199255
942 _cBOOK
980 _aNBR